00577nam a22001817a 450000500170000001000110001702000260002803500170005403500130007103700150008408200120009910000250011124501060013626000420024227000730028430000210035770000170037820170731141007.0 a1617EN a9788184957204c199.00 aB-649011-019 ab-667292 adplbAakar a658.314 aHansen, Mark Victor  aThe master motivator : cby Mark Victor Hansen [and] Joe Batten bsecrets of inspiring leadership /  aMumbai bJaico Publishing Housec2016 aA-2 Jash Chambers, 7-A Sir Phirozshah Mehta Road, bMumbai e400 001 a146p.c22cm(pbk) aBatten, Joe